The archaeology of 'underdog sites' in the Douro Valley : from prehistory to the modern age /

This volume brings together the best presentations from the 8th and 9th Archaeology of the Douro Valley meetings, held in Avila (2018) and Astorga (2019). Papers aim to show the importance of projects that have been left in the background despite obtaining interesting archaeological data about the o...

وصف كامل

محفوظ في:

مؤلف مشترك: Archaeology of the Douro Valley Meeting

مؤلفون آخرون: Sánchez de la Parra-Pérez, Santiago (المحرر), Díaz-Navarro, Sonia (المحرر), Fernández-Lozano, Javier (المحرر), Jiménez Gadea, Javier (المحرر)

التنسيق: وقائع المؤتمر كتاب الكتروني

اللغة: English
Spanish

منشور في: Oxford : Archaeopress Publishing Ltd., [2021]

سلاسل: Access archaeology.

الموضوعات:

الوصول للمادة أونلاين: Login to view Source

الوسوم: إضافة وسم

لا توجد وسوم, كن أول من يضع وسما على هذه التسجيلة!

رقم الطلب: DP528

LEADER 02763nam a2200541 i 4500
001 EDZ0002613883
003 StDuBDS
005 20230412183129.0
006 m|||||o||d||||||||
007 cr |||||||||||
008 210628t20212021enkab fob 100|0|eng|d
020 |a 9781789699906 (PDF ebook) :  |c No price 
040 |a StDuBDS  |b eng  |c StDuBDS  |e rda  |e pn 
041 0 |a eng  |a spa 
050 4 |a DP528 
082 0 4 |a 936.691  |2 23 
245 0 4 |a The archaeology of 'underdog sites' in the Douro Valley :  |b from prehistory to the modern age /  |c edited by Santiago Sánchez de la Parra-Pérez, Sonia Díaz-Navarro, Javier Fernández-Lozano and Javier Jiménez Gadea. 
264 1 |a Oxford :  |b Archaeopress Publishing Ltd.,  |c [2021] 
264 4 |c ©2021 
300 |a 1 online resource (x, 373 pages) :  |b illustrations (black and white, and colour), maps (colour). 
336 |a text  |2 rdacontent 
336 |a still image  |2 rdacontent 
336 |a cartographic image  |2 rdacontent 
337 |a computer  |2 rdamedia 
338 |a online resource  |2 rdacarrier 
490 1 |a Access archaeology 
500 |a Selected conference papers from the 8th and 9th meetings of Archaeology of the Douro Valley, held in 2018 and 2019. 
500 |a Also issued in print: 2021. 
504 |a Includes bibliographical references. 
506 0 |a Open access. 
520 8 |a This volume brings together the best presentations from the 8th and 9th Archaeology of the Douro Valley meetings, held in Avila (2018) and Astorga (2019). Papers aim to show the importance of projects that have been left in the background despite obtaining interesting archaeological data about the occupation of this valley and its evolution. 
521 |a Specialized. 
546 |a Text in English and Spanish. 
588 |a Description based on online resource; title from PDF title page (viewed on September 10, 2021). 
650 0 |a Excavations (Archaeology)  |z Portugal  |z Douro Valley  |v Congresses. 
651 0 |a Douro Valley (Portugal)  |x Antiquities  |v Congresses. 
700 1 |a Sánchez de la Parra-Pérez, Santiago,  |e editor. 
700 1 |a Díaz-Navarro, Sonia,  |e editor. 
700 1 |a Fernández-Lozano, Javier,  |e editor. 
700 1 |a Jiménez Gadea, Javier,  |e editor. 
711 2 2 |a Archaeology of the Douro Valley Meeting  |n (8th :  |d 2018 :  |c Avila, Spain),  |j creator. 
711 2 2 |a Archaeology of the Douro Valley Meeting  |n (9th :  |d 2019 :  |c Astorga, Spain),  |j creator. 
776 0 8 |i Print version :  |z 9781789699890 
830 0 |a Access archaeology. 
856 4 0 |3 Archaeopress  |u http://library.arce.org:8087/Archaeopress/Products/9781789699890 
942 |2 lcc  |c EBOOK 
952 |0 0  |1 0  |4 0  |6 DP0528  |7 1  |9 46854  |a ARCH  |b ARCH  |d 2023-04-12  |l 0  |o DP528  |r 2023-04-12 00:00:00  |w 2023-04-12  |y EBOOK 
999 |c 52512  |d 52512